[Event "Titled Tue 10th Jun Early"]
[Site "chess.com INT"]
[Date "2025.06.10"]
[Round "9"]
[White "Materia, Marco"]
[Black "Tsydypov, Zhamsaran"]
[Result "0-1"]
[WhiteTitle "IM"]
[BlackTitle "GM"]
[WhiteElo "2489"]
[BlackElo "2514"]
[WhiteFideId "45150451"]
[BlackFideId "4108566"]
[EventDate "2025.06.10"]

1. Nf3 g6 2. c4 Bg7 3. Nc3 c5 4. g3 Nc6 5. Bg2 Nh6 6. O-O Nf5 7. b3 O-O 8. Bb2
e6 9. Rc1 b6 10. e3 Bb7 11. Na4 Bxb2 12. Nxb2 Qf6 13. Nd3 d6 14. Nf4 Rab8 15.
Qe2 Qb2 16. Ra1 Rfd8 17. Rfb1 Qf6 18. h4 Ne5 19. Rd1 a6 20. Nh2 d5 21. cxd5 exd5
22. d4 cxd4 23. exd4 Nc6 24. Nxd5 Qg7 25. Nf4 Nfxd4 26. Qf1 h5 27. Rac1 a5 28.
Nf3 Nxf3+ 29. Bxf3 Nd4 30. Bxb7 Rxb7 31. Kg2 Qe5 32. Re1 Qf5 33. Qd3 Qxd3 34.
Nxd3 Nxb3 35. Rc3 Nd4 36. Re4 Ne6 37. Ne5 Kg7 38. Rf3 Rd4 39. Ree3 Nc5 40. Nc6
Rd6 41. Ne5 b5 42. Ra3 a4 43. Rac3 Rd5 44. Nc6 b4 45. Rc1 b3 46. axb3 axb3 47.
Na5 Rb5 48. Nc4 Rb4 49. Nb2 Ne6 50. Rcc3 Nc5 51. Rce3 Rd2 52. Re7 Kg8 53. Rfxf7
Ne6 54. Rf6 Nd8 55. Rxg6+ Kf8 56. Rh7 Rxb2 57. Ra6 Rb7 58. Rh8+ Ke7 59. Rxh5 Re2
60. Rh7+ Nf7 61. Ra4 b2 62. Rf4 Ke8 0-1

[Event "Titled Tue 10th Jun Early"]
[Site "chess.com INT"]
[Date "2025.06.10"]
[Round "9"]
[White "Povshednyi, Ivan"]
[Black "Karpenko, Anton"]
[Result "0-1"]
[WhiteTitle "FM"]
[BlackTitle "CM"]
[WhiteElo "2309"]
[BlackElo "2219"]
[WhiteFideId "14190907"]
[BlackFideId "34374353"]
[EventDate "2025.06.10"]

1. d4 Nf6 2. c4 c5 3. d5 e6 4. Nc3 exd5 5. cxd5 d6 6. e4 g6 7. Nf3 a6 8. a4 Bg4
9. Be2 Bxf3 10. Bxf3 Nbd7 11. O-O Bg7 12. Be2 O-O 13. f4 Qe7 14. Re1 Nxe4 15.
Nxe4 Qxe4 16. Bg4 Qd4+ 17. Be3 Qxd1 18. Raxd1 Nf6 19. Bf3 Rfe8 20. Bd2 Rxe1+ 21.
Bxe1 Re8 22. Ba5 Ne4 23. Re1 Bd4+ 24. Kf1 Nf6 25. Rd1 Ne4 26. Re1 f5 27. b3 Kf7
28. g4 Nf6 29. gxf5 gxf5 30. Rxe8 Kxe8 31. Ke2 Ne4 32. Kd3 b5 33. axb5 axb5 34.
Bxe4 fxe4+ 35. Kxe4 Ke7 36. Bb6 Kd7 37. f5 Bf6 38. h3 h5 39. Kd3 Bd8 40. Bxd8
Kxd8 41. Ke3 Ke7 42. h4 Kf6 43. Kf4 c4 44. bxc4 bxc4 45. Ke4 c3 46. Kd3 Kxf5 47.
Kxc3 Ke5 48. Kc4 Ke4 49. Kc3 Kxd5 50. Kd3 Ke5 51. Ke3 Kf5 52. Kf3 d5 53. Ke3 Kg4
54. Kd4 Kxh4 55. Kxd5 Kg3 56. Kd4 h4 57. Kd3 h3 58. Ke2 h2 59. Kf1 0-1

[Event "Titled Tue 10th Jun Early"]
[Site "chess.com INT"]
[Date "2025.06.10"]
[Round "9"]
[White "Tikhonov, Viacheslav"]
[Black "Wagh, Suyog"]
[Result "1/2-1/2"]
[WhiteTitle "CM"]
[BlackTitle "FM"]
[WhiteElo "2183"]
[BlackElo "2319"]
[WhiteFideId "44196407"]
[BlackFideId "25071688"]
[EventDate "2025.06.10"]

1. e4 c6 2. d4 d5 3. Nc3 dxe4 4. Nxe4 Nd7 5. Nf3 Ngf6 6. Neg5 e6 7. Bd3 Bd6 8.
O-O h6 9. Ne4 Nxe4 10. Bxe4 Nf6 11. Bd3 b6 12. Ne5 Bb7 13. Qe2 O-O 14. c3 Qc7
15. Ng4 Nxg4 16. Qxg4 f5 17. Qh4 c5 18. Bc4 Rae8 19. Re1 Bd5 20. dxc5 Qxc5 21.
Bb3 Qc6 22. Bxd5 exd5 23. Be3 Re4 24. Qh5 Qe8 25. Qxe8 Rfxe8 26. Bd2 Kf7 27. h3
h5 28. Kf1 Kf6 29. f3 R4e7 30. Rxe7 Bxe7 31. Re1 Rc8 32. Bg5+ Kxg5 33. Rxe7 g6
34. Rxa7 d4 35. cxd4 Rc2 36. d5 Rxb2 37. d6 Kf4 38. d7 Rd2 39. Ke1 Rd6 40. Kf2
Rd2+ 41. Ke1 Rd6 42. Rb7 g5 43. Kf2 Rd2+ 44. Ke1 Rd6 45. Ke2 Kg3 46. Kf1 Rd2 47.
Ke1 Rd4 48. Kf1 f4 49. a3 Rd3 50. a4 Rd4 51. Ra7 Rd6 52. Rb7 Rd5 53. Rc7 Rd4 54.
Ra7 Rd2 55. Ke1 Rd4 56. Kf1 1/2-1/2

[Event "Titled Tue 10th Jun Early"]
[Site "chess.com INT"]
[Date "2025.06.10"]
[Round "9"]
[White "Zhigalko, Sergei"]
[Black "Haddouche, Mohamed"]
[Result "0-1"]
[WhiteTitle "GM"]
[BlackTitle "GM"]
[WhiteElo "2572"]
[BlackElo "2490"]
[WhiteFideId "13502956"]
[BlackFideId "7900660"]
[EventDate "2025.06.10"]

1. e4 e5 2. Nf3 d6 3. d4 exd4 4. Qxd4 Nf6 5. Nc3 Be7 6. Bg5 Nc6 7. Qd2 O-O 8.
O-O-O Be6 9. Kb1 a6 10. Bd3 Nd7 11. h4 Nc5 12. Nd5 f6 13. Be3 Nxd3 14. Qxd3 Rf7
15. h5 h6 16. Nh4 Bf8 17. f3 Ne5 18. Qe2 c6 19. Nf4 Bd7 20. Nfg6 b5 21. Nxf8
Qxf8 22. Ng6 Qb8 23. Rd4 Be6 24. Rhd1 Rd7 25. Bf4 Qc7 26. b3 Rad8 27. Bh2 a5 28.
Qd2 c5 29. Nxe5 dxe5 30. Rxd7 Rxd7 31. Qe1 Rxd1+ 32. Qxd1 c4 33. Bg1 Kh7 34. Qd2
b4 35. Be3 c3 36. Qd3 Qc6 37. g4 a4 38. Kc1 axb3 39. axb3 Qa8 40. Kd1 Qa1+ 41.
Bc1 Qb1 42. Qd6 Bxb3 43. cxb3 Qxb3+ 44. Ke1 Qc2 45. Qd1 Qb1 46. Ke2 b3 47. Be3
c2 48. Qd2 b2 49. Bxh6 Qd1+ 50. Qxd1 cxd1=Q+ 51. Kxd1 b1=Q+ 52. Bc1 Qd3+ 53. Bd2
Qxf3+ 54. Ke1 Qxe4+ 0-1

[Event "Titled Tue 10th Jun Early"]
[Site "chess.com INT"]
[Date "2025.06.10"]
[Round "9"]
[White "Sklokin, Sergey"]
[Black "Goryachkina, Aleksandra"]
[Result "1-0"]
[WhiteTitle "FM"]
[BlackTitle "GM"]
[WhiteElo "2311"]
[BlackElo "2533"]
[WhiteFideId "55730230"]
[BlackFideId "4147103"]
[EventDate "2025.06.10"]

1. d4 d5 2. c4 e6 3. Nf3 Nf6 4. g3 Bb4+ 5. Nbd2 O-O 6. Bg2 b6 7. O-O Bb7 8. cxd5
exd5 9. a3 Be7 10. b4 a5 11. b5 c6 12. Qa4 cxb5 13. Qxb5 Nbd7 14. Re1 Bd6 15. e3
Ba6 16. Qb3 b5 17. Bb2 Re8 18. Rac1 Qe7 19. Bf1 a4 20. Qa2 Nb6 21. Ne5 Nc4 22.
Ndxc4 bxc4 23. Bc3 Ne4 24. Bb4 Bxb4 25. Nc6 Qe6 26. Nxb4 h5 27. h4 g5 28. Qe2
gxh4 29. Qxh5 hxg3 30. f4 Bb7 31. Bg2 Qg6 32. Qxg6+ fxg6 33. Bf3 Kg7 34. Kg2 Re7
35. Nc2 Rf8 36. Rb1 Bc8 37. Nb4 Be6 38. Bxe4 dxe4 39. d5 Bd7 40. Kxg3 g5 41. Rf1
Ref7 42. Rbc1 gxf4+ 43. Rxf4 Rxf4 44. exf4 Re8 45. Rxc4 e3 46. Rc1 e2 47. Re1
Re3+ 48. Kf2 Rxa3 49. Rxe2 Kf6 50. d6 Rb3 51. Nd5+ Kf5 52. Re7 Rd3 53. Ne3+ Kxf4
54. Rxd7 a3 55. Nc4 a2 56. Ra7 Rd4 57. Rxa2 Rxc4 58. d7 Rd4 59. Ra4 Rxa4 60.
d8=Q Re4 61. Qf6+ Kg4 62. Qf3+ Kg5 63. Qxe4 1-0

[Event "Titled Tue 10th Jun Early"]
[Site "chess.com INT"]
[Date "2025.06.10"]
[Round "9"]
[White "Manvelyan, Mikayel"]
[Black "Pajcin, Lav"]
[Result "1/2-1/2"]
[WhiteTitle "FM"]
[BlackTitle "FM"]
[WhiteElo "2362"]
[BlackElo "2281"]
[WhiteFideId "13310143"]
[BlackFideId "966746"]
[EventDate "2025.06.10"]

1. e4 c6 2. d4 d5 3. Nc3 dxe4 4. Nxe4 Bf5 5. Ng3 Bg6 6. h4 h6 7. Nf3 Nd7 8. h5
Bh7 9. Bd3 Bxd3 10. Qxd3 Ngf6 11. Bd2 e6 12. O-O-O Be7 13. Kb1 O-O 14. Ne4 Nxe4
15. Qxe4 Nf6 16. Qe2 Qd5 17. g4 Qe4 18. Qxe4 Nxe4 19. Be3 Rad8 20. Ne5 Rfe8 21.
f3 Nd6 22. b3 Nb5 23. Rd3 Bf6 24. a4 Nc7 25. Rhd1 Nd5 26. Bd2 Bg5 27. c4 Nf4 28.
Bxf4 Bxf4 29. Kc2 Kf8 30. b4 Ke7 31. c5 Rd5 32. Nc4 Red8 33. b5 Bc7 34. Kc3 Kf6
35. Ne3 R5d7 36. Kc4 Bf4 37. Nc2 Ke7 38. Nb4 Rc8 39. bxc6 bxc6 40. Rb1 Kd8 41.
Nc2 Rb8 42. Rxb8+ Bxb8 43. Rb3 Kc8 44. Ne1 e5 45. dxe5 Bxe5 46. Rd3 Rxd3 47.
Nxd3 Bc7 48. Kd4 Kd7 49. Ne5+ Bxe5+ 50. Kxe5 Ke7 51. f4 a5 52. Kf5 Kd7 53. g5
Ke7 54. Ke5 f6+ 55. gxf6+ gxf6+ 56. Ke4 Ke6 57. f5+ Ke7 58. Kf4 Kd7 59. Ke4 Kc7
60. Kd4 Kb7 61. Ke4 Ka8 62. Kd4 Kb8 63. Ke4 Kc8 64. Kd4 Kd8 65. Ke4 Ke8 66. Kd4
Kf8 67. Ke4 Kg8 68. Kd4 Kh8 69. Ke4 Kg8 70. Kd4 Kh7 71. Ke4 Kh8 72. Kd4 Kg8 73.
Ke4 Kf8 74. Kd4 Ke8 75. Ke4 Kd8 76. Kd4 Kc8 77. Ke4 Kb8 78. Kd4 Ka8 79. Ke4 Kb8
80. Kd4 Kb7 81. Ke4 Kb8 1/2-1/2

[Event "Titled Tue 10th Jun Early"]
[Site "chess.com INT"]
[Date "2025.06.10"]
[Round "9"]
[White "Olhovik, Andrei"]
[Black "Brancaleoni, Maurizio"]
[Result "1-0"]
[WhiteTitle "FM"]
[BlackTitle "FM"]
[WhiteElo "2282"]
[BlackElo "2185"]
[WhiteFideId "13507397"]
[BlackFideId "803022"]
[EventDate "2025.06.10"]

1. d4 Nf6 2. c4 b6 3. f3 Nc6 4. e4 e5 5. Ne2 exd4 6. Nxd4 Nxd4 7. Qxd4 Bc5 8.
Qe5+ Be7 9. Bf4 d6 10. Qd4 O-O 11. Nc3 Bb7 12. Be2 Nh5 13. Be3 Bf6 14. Qd2 Bxc3
15. Qxc3 Qh4+ 16. Bf2 Qg5 17. g3 Rae8 18. Be3 Qe7 19. g4 Nf6 20. Bg5 Qe5 21.
Bxf6 gxf6 22. Qxe5 fxe5 23. Kf2 h5 24. Rhg1 Kh7 25. h3 a5 26. Ke3 Bc8 27. Bd1
Be6 28. Ba4 Rd8 29. b3 Rg8 30. Bc6 Kh6 31. Bd5 Rg6 32. Rad1 Rdg8 33. Bxe6 fxe6
34. a3 h4 35. b4 axb4 36. axb4 Ra8 37. Ra1 Rgg8 38. c5 bxc5 39. bxc5 Kg5 40.
cxd6 cxd6 41. Rgd1 Rxa1 42. Rxa1 Rb8 43. Ra7 Rb3+ 44. Kf2 d5 45. Rg7+ Kf6 46.
Rh7 dxe4 47. fxe4 Rxh3 48. Rh6+ Kg5 49. Rxe6 Kf4 50. g5 Rh2+ 51. Kg1 Re2 52. g6
Re1+ 53. Kf2 Ra1 54. g7 Ra8 55. Rf6+ Kg5 56. Rf8 Ra2+ 57. Ke3 Ra3+ 58. Kd2 Ra2+
59. Kc3 Ra7 60. g8=Q+ Kh6 61. Rf7 Rxf7 62. Qxf7 Kg5 63. Qf3 Kh6 64. Qh3 Kg5 65.
Kc4 Kf4 66. Qxh4+ Ke3 67. Kd5 Kd2 68. Kxe5 Kc1 69. Kd5 Kb2 70. Qg3 Ka1 71. e5 1-0

[Event "Titled Tue 10th Jun Early"]
[Site "chess.com INT"]
[Date "2025.06.10"]
[Round "9"]
[White "Sitnic, Adnan"]
[Black "Bozorov, Javohir"]
[Result "1-0"]
[WhiteTitle "CM"]
[BlackTitle "FM"]
[WhiteElo "2058"]
[BlackElo "2039"]
[WhiteFideId "14403854"]
[BlackFideId "14216957"]
[EventDate "2025.06.10"]

1. e4 c5 2. f4 d5 3. exd5 Qxd5 4. Nc3 Qd8 5. Nf3 Nf6 6. Ne5 Nbd7 7. Qf3 e6 8. b3
Bd6 9. Nxd7 Bxd7 10. Qxb7 Bxf4 11. Qf3 Be5 12. Bb2 O-O 13. O-O-O Qa5 14. Kb1
Rfd8 15. Bd3 Rac8 16. Qh3 Bd4 17. Ne4 Bxb2 18. Kxb2 Nxe4 19. Bxe4 f5 20. Bd3 Qb4
21. Bc4 Rb8 22. Ka1 a5 23. c3 Qb6 24. Qxf5 a4 25. Qc2 axb3 26. Qxb3 Qc6 27. Qc2
Ra8 28. Rde1 Ra4 29. Bxe6+ Bxe6 30. Rxe6 Qxg2 31. Rhe1 Raa8 32. R6e2 Qd5 33. c4
Qd4+ 34. Qc3 Qxc3+ 35. dxc3 Rd3 36. Re8+ Rxe8 37. Rxe8+ Kf7 38. Rc8 Rxc3 39.
Rxc5 Rc2 40. h4 Rh2 41. h5 Kf6 42. a4 Ke6 43. a5 Kd6 44. Rg5 h6 45. a6 Kc6 46.
Ra5 Rh1+ 47. Ka2 Rh2+ 48. Ka3 Kb6 49. a7 Kxa5 50. a8=Q+ Kb6 51. Qb8+ Kc5 52.
Qxh2 Kxc4 53. Qg3 Kd5 54. Qg6 Ke5 55. Qxg7+ Kf4 56. Qxh6+ Kf5 57. Qg6+ Kf4 58.
h6 Ke5 59. h7 Kf4 60. Qe6 Kf3 61. Qe5 Kg4 62. Qf6 Kg3 63. Qf5 Kg2 64. Qf4 Kg1
65. Qf3 Kh2 66. Qg4 Kh1 67. h8=Q# 1-0

[Event "Titled Tue 10th Jun Early"]
[Site "chess.com INT"]
[Date "2025.06.10"]
[Round "9"]
[White "Xue, Haowen"]
[Black "Carlsson, Ludvig"]
[Result "1/2-1/2"]
[WhiteTitle "GM"]
[BlackTitle "IM"]
[WhiteElo "2518"]
[BlackElo "2379"]
[WhiteFideId "8625492"]
[BlackFideId "1727010"]
[EventDate "2025.06.10"]

1. a3 d5 2. Nf3 e6 3. b3 Nf6 4. Bb2 Be7 5. g3 O-O 6. Bg2 b6 7. O-O Bb7 8. d3 c5
9. Nbd2 Nbd7 10. e3 Rc8 11. h3 Qc7 12. c4 dxc4 13. Nxc4 Rfd8 14. Qe2 Qb8 15.
Rad1 b5 16. Ncd2 a6 17. Rc1 h6 18. Rc2 Qa8 19. Rfc1 Bf8 20. g4 Be7 21. Nf1 Nd5
22. Ng3 Bf6 23. Ne4 Bxb2 24. Rxb2 N5f6 25. Nd6 Rc7 26. Nxb7 Qxb7 27. Rbc2 Rdc8
28. h4 Qb6 29. g5 hxg5 30. hxg5 Nd5 31. g6 fxg6 32. Ng5 Nf8 33. Qg4 Nf6 34. Qh3
Qd6 35. Ne4 Qxd3 36. Nxc5 Qf5 37. b4 N8d7 38. Qxf5 gxf5 39. Bb7 Rb8 40. Bxa6 Rb6
41. Nxd7 Rxc2 42. Rxc2 Rxa6 43. Nc5 Rc6 44. Rd2 Nd5 45. Kg2 Kf7 46. Kf3 g5 47.
e4 Nb6 48. exf5 exf5 49. Rd8 Nc4 50. a4 bxa4 51. Nxa4 Ne5+ 52. Ke2 Rc2+ 53. Rd2
Rc4 54. Rb2 Nc6 55. Kd3 Rxb4 56. Rxb4 Nxb4+ 57. Kd4 Kf6 58. Nc5 Nc6+ 59. Kd5 Ne5
60. Kd4 Ng4 61. Nd3 Ke6 62. f3 Nf6 63. Nc5+ Kf7 64. Ke5 Kg6 65. Ne6 f4 66. Nxf4+
gxf4 67. Kxf4 Nh5+ 68. Ke5 Ng7 69. Kd6 Nf5+ 70. Kc7 Nh4 71. Kb8 Nxf3 1/2-1/2

[Event "Titled Tue 10th Jun Early"]
[Site "chess.com INT"]
[Date "2025.06.10"]
[Round "9"]
[White "Nguyen Thi Mai Hung"]
[Black "Montejo Bello, Lorena Beatriz"]
[Result "0-1"]
[WhiteTitle "WGM"]
[BlackTitle "WFM"]
[WhiteElo "2191"]
[BlackElo "2090"]
[WhiteFideId "12401676"]
[BlackFideId "3529045"]
[EventDate "2025.06.10"]

1. d4 d5 2. Nf3 Nf6 3. c4 e6 4. Nc3 Be7 5. cxd5 exd5 6. Bf4 c6 7. Qc2 g6 8. e3
Bf5 9. Bd3 Bxd3 10. Qxd3 O-O 11. O-O Nbd7 12. h3 Re8 13. Ne5 Bf8 14. Rae1 a5 15.
a3 Bg7 16. Rb1 Nh5 17. Nxd7 Nxf4 18. exf4 Qxd7 19. Rfe1 Qd6 20. g3 h5 21. h4 Qf6
22. Red1 Re7 23. Na4 Re4 24. Nc5 Rxd4 25. Qxd4 Qxd4 26. Rxd4 Bxd4 27. Nxb7 a4
28. b4 Rb8 29. Na5 Rb6 30. Rd1 Bb2 31. Rd3 Kf8 32. Kf1 Ke7 33. Ke2 f5 34. Kd1
Bf6 35. Kc2 Kd7 36. Rd1 Kc7 37. Re1 Kd7 38. Rd1 Rb5 39. Rd3 Kc7 40. Kb1 d4 41.
Nc4 c5 42. Ka2 cxb4 43. axb4 Rxb4 44. Nb2 Be7 45. Rd2 Kb6 46. Nd3 Rb3 47. Nc1
Rb4 48. Nd3 Rc4 49. Ne5 Kb5 50. Nxg6 Bb4 51. Rb2 Kc5 52. Ne5 Rc3 53. Rd2 Ra3+
54. Kb2 Bxd2 55. Kxa3 Be1 56. Nd3+ Kc4 57. Nxe1 d3 58. Nxd3 Kxd3 0-1

[Event "Titled Tue 10th Jun Early"]
[Site "chess.com INT"]
[Date "2025.06.10"]
[Round "9"]
[White "Onur, Cigdem"]
[Black "Lavogadae, Daniel Pereira"]
[Result "1-0"]
[WhiteTitle "WCM"]
[WhiteElo "1956"]
[BlackElo "2035"]
[WhiteFideId "6346030"]
[BlackFideId "22799362"]
[EventDate "2025.06.10"]

1. e4 c5 2. c3 Nf6 3. e5 Nd5 4. d4 cxd4 5. cxd4 Nc6 6. Nf3 d6 7. Bc4 Nb6 8. Bb5
a6 9. Bxc6+ bxc6 10. O-O Bg4 11. h3 Bh5 12. g4 Bg6 13. Nc3 e6 14. Bf4 dxe5 15.
Nxe5 Nd5 16. Nxc6 Qd7 17. Ne5 Qb7 18. Qa4+ Ke7 19. Nc6+ Ke8 20. Na5+ Qd7 21.
Qxd7+ Kxd7 22. Nxd5 exd5 23. Rac1 Bd6 24. Bxd6 Kxd6 25. Rc6+ Kd7 26. Rfc1 Rhc8
27. Rxc8 Rxc8 28. Rxc8 Kxc8 29. f4 Be4 30. Nb3 g6 31. Nc5 f5 32. Nxa6 Kb7 33.
Nc5+ Kb6 34. Nxe4 dxe4 35. Kf2 Kb5 36. gxf5 gxf5 37. Ke3 h5 38. h4 Kc4 39. b3+
Kb4 40. d5 Kc5 41. a4 Kxd5 42. b4 Kc4 43. b5 Kc5 44. Ke2 Kb6 45. Ke3 Kc5 46. Kd2
Kb6 47. Ke2 Kc5 48. Ke3 Kb6 49. Kd4 Ka5 50. Kc4 Kb6 51. Kb4 Kb7 52. a5 Ka7 53.
Kc4 Kb7 54. Kd4 Ka7 55. b6+ Ka6 56. Kc5 e3 57. Kc6 e2 58. b7 e1=Q 59. b8=Q Qc3+
60. Kd7 Qd4+ 61. Qd6+ Qxd6+ 62. Kxd6 Kxa5 63. Ke5 Kb5 64. Kxf5 Kc6 65. Kg6 Kd7
66. f5 Ke8 67. Kg7 1-0

[Event "Titled Tue 10th Jun Early"]
[Site "chess.com INT"]
[Date "2025.06.10"]
[Round "9"]
[White "Bustelo, Tabare"]
[Black "Pulido Alvarez, Ariel"]
[Result "0-1"]
[WhiteTitle "CM"]
[BlackTitle "FM"]
[WhiteElo "2043"]
[BlackElo "2252"]
[WhiteFideId "3000362"]
[BlackFideId "3503011"]
[EventDate "2025.06.10"]

1. e4 c5 2. b4 b6 3. Bc4 e6 4. bxc5 bxc5 5. Nc3 Nc6 6. Nf3 Nf6 7. d3 d6 8. O-O
Be7 9. Rb1 O-O 10. Bb2 Rb8 11. h3 Qa5 12. Ba1 Ba6 13. Rxb8 Rxb8 14. Bxa6 Qxa6
15. Qd2 Nd4 16. Nxd4 cxd4 17. Ne2 Qxa2 18. Nxd4 h6 19. Nc6 Re8 20. Nxe7+ Rxe7
21. Bd4 e5 22. Ra1 Qe6 23. Bxa7 Rc7 24. c4 Nh5 25. Be3 f5 26. f3 f4 27. Bf2 Rb7
28. Ra8+ Kh7 29. Qa2 Ng3 30. Qa6 Qd7 31. Qa1 Qc7 32. Kh2 h5 33. Bxg3 fxg3+ 34.
Kxg3 Qe7 35. Kh2 Qg5 36. Qe1 h4 37. Ra2 Qf4+ 38. Kh1 Qg3 39. Ra1 Rb2 40. Qxg3
hxg3 41. Rd1 Kh6 42. Kg1 Kg5 43. Kf1 Kf4 44. Kg1 Ke3 45. Kh1 Ke2 46. Rc1 Kxd3
47. Kg1 Kd2 48. Ra1 Ke2 49. Kh1 Rc2 50. h4 Rxc4 51. Ra2+ Ke3 52. Ra1 Rc2 53.
Ra3+ Kf2 54. Ra1 Re2 55. h5 Rd2 56. f4 exf4 57. e5 dxe5 58. h6 Ke2 59. Rb1 gxh6
60. Rf1 Rd1 0-1

[Event "Titled Tue 10th Jun Early"]
[Site "chess.com INT"]
[Date "2025.06.10"]
[Round "9"]
[White "Praggnanandhaa, R"]
[Black "Oro, Faustino"]
[Result "1-0"]
[WhiteTitle "GM"]
[BlackTitle "IM"]
[WhiteElo "2767"]
[BlackElo "2465"]
[WhiteFideId "25059530"]
[BlackFideId "20000197"]
[EventDate "2025.06.10"]

1. b3 e5 2. Bb2 Nc6 3. e3 f6 4. d4 exd4 5. exd4 d5 6. Nc3 Bf5 7. a3 Qd7 8. Qd2
O-O-O 9. O-O-O Kb8 10. Kb1 Nge7 11. Nge2 Ng6 12. Ng3 Be6 13. h4 Bd6 14. h5 Bf4
15. Qd3 Nge7 16. Nge2 Bf5 17. Qf3 Bd6 18. Nb5 Bg4 19. Qc3 Rhe8 20. f3 Be6 21. g4
Nc8 22. Nxd6 Qxd6 23. Bc1 Bg8 24. Kb2 h6 25. Bf4 Qd7 26. Ng3 Bh7 27. Bb5 N8e7
28. Rhe1 a6 29. Bd3 Bxd3 30. Qxd3 Nc8 31. Nf5 Qf7 32. Qd2 N6e7 33. Nh4 Nc6 34.
Bg3 Nb6 35. Qf4 a5 36. a4 Nb4 37. Nf5 Qd7 38. Qd2 Ka7 39. c3 Nc6 40. Qf4 Kb8 41.
Qd2 Na7 42. Rxe8 Rxe8 43. Re1 Nac8 44. Rxe8 Qxe8 45. Nxg7 Qc6 46. Nf5 Nxa4+ 47.
bxa4 Nb6 48. Kc1 Nxa4 49. Be1 Nb6 50. Nxh6 Nc4 51. Qc2 Qe8 52. Bd2 Qe2 53. Qd1
Qd3 54. Nf5 a4 55. h6 Na5 56. h7 Nb3+ 57. Kb2 Ka7 58. h8=Q Qb5 59. Ka3 Na5 60.
Qxa4 Qa6 61. Ne3 b5 62. Qxa5 Qxa5+ 63. Kb2 b4 64. cxb4 Qb6 65. Bc3 Qb5 66. Qf8
Qe2+ 67. Nc2 1-0

[Event "Titled Tue 10th Jun Early"]
[Site "chess.com INT"]
[Date "2025.06.10"]
[Round "9"]
[White "Estrada Nieto, Julian"]
[Black "Toroptseva, Yevheniia"]
[Result "0-1"]
[WhiteTitle "IM"]
[BlackTitle "WFM"]
[WhiteElo "2181"]
[BlackElo "2104"]
[WhiteFideId "5101018"]
[BlackFideId "34109374"]
[EventDate "2025.06.10"]

1. e4 c5 2. Nf3 e6 3. c3 d5 4. exd5 Qxd5 5. d4 Nf6 6. Na3 Nc6 7. Be3 cxd4 8. Nb5
Qd8 9. Nbxd4 Nxd4 10. Bxd4 Be7 11. Bd3 O-O 12. O-O b6 13. Ne5 Bb7 14. f4 Qd5 15.
Qe2 Bc5 16. Bxc5 Qxc5+ 17. Qf2 Qxf2+ 18. Kxf2 Nd5 19. g3 f6 20. Nf3 Rfd8 21.
Rad1 Rac8 22. Rfe1 Kf7 23. Be4 Nxc3 24. Bxb7 Nxd1+ 25. Rxd1 Rc2+ 26. Ke1 Rxd1+
27. Kxd1 Rxb2 28. a4 Ra2 29. Bc6 Ke7 30. Nd2 Kd6 31. Bb5 a6 32. Bxa6 Rxa4 33.
Bd3 Ra1+ 34. Ke2 g6 35. Ne4+ Ke7 36. Nc3 Rh1 37. h4 Rg1 38. Kf2 Ra1 39. Ke3 f5
40. Kd4 Rg1 41. Ne2 Rg2 42. Ke3 Rh2 43. Kf3 Rh1 44. Kf2 Kd6 45. Ng1 Rh2+ 46. Ke3
Ra2 47. Nf3 Ra1 48. Ng5 h6 49. Nf7+ Kd5 50. Nxh6 Rg1 51. Kf2 Rd1 52. Be2 Rb1 53.
Nf7 b5 54. Ne5 b4 55. Bf3+ Kd4 56. Nc6+ Kc3 57. Nxb4 Rxb4 58. h5 gxh5 59. Bxh5
Kd4 60. Bf7 Rb6 61. Kf3 Rb3+ 62. Kf2 Rb6 63. Kf3 e5 64. fxe5 Kxe5 65. Bg8 Rg6
66. Bc4 Rc6 67. Be2 Rc3+ 68. Kf2 Ke4 69. Bf1 Ra3 70. Bg2+ Kd4 71. Bf3 Ra2+ 0-1

[Event "Titled Tue 10th Jun Early"]
[Site "chess.com INT"]
[Date "2025.06.10"]
[Round "9"]
[White "Gulevich, Artem"]
[Black "Shandrygin, Nikita"]
[Result "1-0"]
[WhiteTitle "FM"]
[BlackTitle "FM"]
[WhiteElo "2304"]
[BlackElo "2209"]
[WhiteFideId "24119580"]
[BlackFideId "24198668"]
[EventDate "2025.06.10"]

1. Nf3 d5 2. b3 Nc6 3. Bb2 Nf6 4. e3 a6 5. d4 Bg4 6. Be2 e6 7. a3 Bd6 8. Nbd2
O-O 9. c4 Rb8 10. O-O Ne4 11. Nxe4 dxe4 12. Nd2 Bxe2 13. Qxe2 f5 14. f3 exf3 15.
Rxf3 b5 16. e4 Bxa3 17. Rxa3 Nxd4 18. Bxd4 Qxd4+ 19. Qe3 Qb2 20. Rxa6 Rbd8 21.
Nf1 bxc4 22. bxc4 f4 23. Rxf4 Rxf4 24. Qxf4 Rf8 25. Qe3 Qb1 26. Qe2 e5 27. h3 h6
28. Re6 Qa1 29. Re7 c5 30. Rc7 Kh7 31. Rd7 Rf4 32. Rd3 Qb1 33. Re3 Kh8 34. Qd3
Qc1 35. Rf3 Rxf3 36. Qxf3 Qxc4 37. Ne3 Qd4 38. Kh2 c4 39. Qf8+ Kh7 40. Nf5 Qd7
41. Qc5 Qe6 42. Ne3 Qf6 43. Nxc4 Qf4+ 44. Kg1 Qc1+ 45. Kf2 Qf4+ 46. Ke2 Qxe4+
47. Ne3 Qf4 48. Qc2+ e4 49. Qc5 Qg3 50. Qf5+ Kh8 51. Qf2 Qb8 52. Qf5 Qb2+ 53.
Kf1 Qc1+ 54. Ke2 Qb2+ 55. Ke1 Qc1+ 56. Nd1 e3 57. Qf8+ Kh7 58. Qf5+ Kh8 59. Qd3
Qc6 60. Nxe3 Qf6 61. Qe2 Qa1+ 62. Kf2 Qd4 63. Qf3 Kh7 64. Kg1 Qc5 65. Qf5+ Qxf5
66. Nxf5 Kg6 67. Ne3 Kg5 68. Kf2 Kf4 69. Nd5+ Ke5 70. Nc7 g5 71. g4 Kf4 72. Ne6+
Ke5 73. Nc5 Kf6 74. Ke3 Ke5 75. Nd3+ Kd5 76. Nf2 1-0

[Event "Titled Tue 10th Jun Early"]
[Site "chess.com INT"]
[Date "2025.06.10"]
[Round "9"]
[White "Slovineanu, Viacheslav"]
[Black "Paltrinieri, Nicholas"]
[Result "0-1"]
[WhiteTitle "IM"]
[BlackTitle "FM"]
[WhiteElo "2412"]
[BlackElo "2359"]
[WhiteFideId "13900510"]
[BlackFideId "828262"]
[EventDate "2025.06.10"]

1. d4 e6 2. c4 f5 3. Nf3 Nf6 4. g3 Be7 5. Bg2 d6 6. O-O O-O 7. Nc3 Qe8 8. b3 a5
9. Bb2 Na6 10. a3 c6 11. Qc2 d5 12. Ne5 Qh5 13. Rad1 Bd7 14. Bc1 Nc7 15. Bf4
Rac8 16. c5 g5 17. Nxd7 Nxd7 18. Bxc7 Rxc7 19. b4 axb4 20. axb4 f4 21. b5 Bf6
22. Qd2 e5 23. Nxd5 cxd5 24. Bxd5+ Kh8 25. b6 Nxb6 26. cxb6 Rd7 27. dxe5 Bxe5
28. Bf3 Rxd2 29. Bxh5 Rb2 30. Rd7 Rxb6 31. Bf3 fxg3 32. hxg3 Rc8 33. Bxb7 Rc7
34. Rxc7 Bxc7 35. Be4 Rb2 36. Kg2 Rxe2 37. Kf3 Rb2 38. Rh1 Bb6 39. Rxh7+ Kg8 40.
Rb7 Rxf2+ 41. Kg4 Be3 42. Kh5 Kf8 43. Kg6 Ke8 44. Bf5 Rd2 45. Kf6 Kd8 46. Rb8+
Kc7 47. Rc8+ Kb7 48. Rc4 Rf2 49. g4 Rd2 50. Re4 Bf4 51. Rb4+ Kc7 52. Rc4+ Kd6
53. Rc8 Rh2 54. Rd8+ Kc7 55. Rc8+ Kb7 56. Rc4 Rh6+ 57. Kg7 Rd6 58. Kf7 Kb6 59.
Rb4+ Kc5 60. Rb1 Ra6 61. Kg7 Kd4 62. Rd1+ Ke3 63. Re1+ Kf2 64. Re6 Ra7+ 65. Kg6
Kf3 66. Rb6 Be3 67. Rb3 Ra6+ 68. Kf7 Kf4 69. Kg7 Bd4+ 70. Kf7 Rf6+ 71. Ke7 Rh6
72. Rb4 Ke5 73. Rb5+ Kf4 74. Rb4 Ke3 75. Rb3+ Kf2 76. Rd3 Be3 77. Kf7 Rb6 78.
Kg7 Bf4 79. Rd7 Ke2 80. Ra7 Rc6 81. Ra2+ Ke3 82. Ra3+ Kd4 83. Ra4+ Ke5 84. Ra5+
Kd6 85. Ra1 Be5+ 0-1